| 000 | 00611nam a2200253Ia 4500 | ||
|---|---|---|---|
| 008 | 170711s9999 xx 000 0 und d | ||
| 020 | _a684870827 | ||
| 050 | _a158.1 | ||
| 050 | _bS812 2000 | ||
| 100 | _aGraham, Stedman | ||
| 245 | _aTeens can make it happen : | ||
| 245 | _bnine steps to success / | ||
| 245 | _cby Stedman Graham. | ||
| 260 | _aNew York : | ||
| 260 | _bFireside, | ||
| 260 | _c2000 | ||
| 300 | _a250 pages : | ||
| 300 | _billustrations ; | ||
| 300 | _c23cm. | ||
| 500 | _aIncludes index . | ||
| 650 | _aSuccess in adolescence. | ||
| 650 | _aSuccess. | ||
| 700 | _aTitle. | ||
| 999 |
_c339851 _d339851 |
||